Pengurusan kewangan Sekolah Berprestasi Tinggi di Klang, Selangor /
Saved in:
| 主要作者: | |
|---|---|
| 格式: | Thesis 圖書 |
| 語言: | Malay |
| 出版: |
2011.
|
| 主題: | |
| 標簽: |
添加標簽
沒有標簽, 成為第一個標記此記錄!
|
| LEADER | 01097cam a2200277 a 4500 | ||
|---|---|---|---|
| 001 | u843191 | ||
| 003 | SIRSI | ||
| 005 | 201111030943 | ||
| 008 | 111103s2011 my a t 000 0 may m | ||
| 040 | |a UMK | ||
| 043 | |a a-my-se | ||
| 098 | |a LB2831.9 |b UM 2011 Anim | ||
| 100 | 0 | |a Anida Maesin. | |
| 245 | 1 | 0 | |a Pengurusan kewangan Sekolah Berprestasi Tinggi di Klang, Selangor / |c Anida binti Maesin. |
| 260 | |c 2011. | ||
| 300 | |a [1] vii, 108 [1] leaves : |b ill. ; |c 30 cm. | ||
| 502 | |a Dissertation (M.Princ.) -- Institut Pengajian Kepengetuaan, Universiti Malaya, 2011. | ||
| 504 | |a Bibliography: leaves 99-102. | ||
| 650 | 0 | |a School budgets |z Selangor |z Klang |x Management. | |
| 650 | 0 | |a School management and organization |z Selangor |z Klang. | |
| 650 | 0 | |a High schools |z Selangor |z Klang |x Finance |x Management. | |
| 650 | 0 | |a Education, Secondary |z Selangor |z Klang |x Finance |x Management. | |
| 710 | 2 | |a Universiti Malaya. |b Institut Pengajian Kepengetuaan. | |
| 900 | |a NHS-ZA | ||
| 596 | |a 19 | ||
| 999 | |a LB2831.9 UM 2011 ANIM |w LC |c 1 |i A514828665 |d 10/7/2012 |f 10/7/2012 |g 1 |l STACKS |m P19KOTA |r Y |s Y |t TESIS |u 5/7/2012 | ||
